| 000 | 01077 a2200241 4500 | ||
|---|---|---|---|
| 999 |
_c802 _d802 |
||
| 020 | _a0965558525 (pbk.) | ||
| 020 | _a0965558517 (hdc.) | ||
| 050 | 0 | 0 | _aRA427.9 WER 1997 |
| 100 | 1 |
_aWerner, David, _d1934- |
|
| 245 | 1 | 0 |
_aQuestioning the solution : _bthe politics of primary health care and child survival with an in-depth critique of oral rehydration therapy / _cDavid Werner and David Sanders, with Jason Weston, Steve Babb, and Bill Rodriguez ; original drawings by Alicia Brelsford. |
| 264 |
_aPalo Alto _bHealth Wrights _c1997 |
||
| 300 |
_axvi, 206 p. : _bill. ; |
||
| 500 | _aPrimary Health Care | ||
| 504 | _aIncludes bibliographical references (p. [177]-199) and index. | ||
| 650 | 0 | _aPrimary health care. | |
| 650 | 0 |
_aChildren _xHealth and hygiene. |
|
| 650 | 0 | _aOral rehydration therapy. | |
| 650 | 0 | _aMedical policy. | |
| 700 | 1 |
_aSanders, David, _d1945- |
|
| 700 | 1 | _aWeston, Jason. | |
| 942 |
_2lcc _cBK _h427.9 _iWER _kRA |
||